000 00669nam a22002297a 4500
005 20170124110147.0
010 _aA-541096
020 _c00.00
_a8170244544
035 _aA-541096
037 _bCen Lib/Ret
040 _aDPL
_bEN
082 _a616
_bKUM
100 _aKumar, R.
_995566
245 _aSocial and preventive health administration /
_cby R.Kumar
260 _bAshish Publishing House
_aNew Delhi
_c1992
270 _a5, Ansari Road, Daryaganj
_bNew Delhi
_e110002
300 _aviii,457p.
_c22cm(Hb)
500 _aIncludes index
650 _aMedical care
_915392
650 _aPublic health
_995567
942 _2ddc
_cEN
_h616
_mKUM
999 _c132069
_d132069